000 00907cam a22002174a 4500
005 20250605164203.0
008 250528s ||||||||||||||||||||||||d
035 _a19785
020 _a521272947
040 _aGR-AtMCL
_bgre
_dGR-AtMCL
_eAACR2
245 1 _aBusiness Reports in English
260 _bCambridge University Press,
_c1993
300 _a90
520 _aThis book is for Professionals or trainee Professionals in a wide range of fields in business, commerce, and administration who have to read and write reports in English. Acknowledgements, Overview, Collecting the Information, Using Graphs and Statistics, Selecting and Organizing the Material, Presenting Findings, Concluding and Recommending, Summarizing, Key, Glossary.
700 1 _aComfort Jeremy
_95186
700 1 _aRevell Rod
_95979
700 1 _aStott Chris
_95980
942 _cBK
999 _c5037
_d5037